| 000 | 00489nam a22001937a 4500 | ||
|---|---|---|---|
| 008 | 150707b xxu||||| |||| 00| 0 alb d | ||
| 020 | _a9789995673642 | ||
| 041 | 0 | _aalb | |
| 080 |
_a94 _b(4) |
||
| 100 | _aDinan, Desmond ; | ||
| 245 |
_aHistoria e Integrimit Europian / _cDesmond Dinan. |
||
| 260 |
_aTiranë : _bAIIS ; |
||
| 300 |
_a236 f.: _bme il.; _c23 cm. |
||
| 500 | _aParathënie: f. [7] | ||
| 650 | 0 | _aHistoria | |
| 650 | 0 | _aEuropa | |
| 650 | 0 | _aBashkimi | |
| 942 |
_2udc _cBK |
||
| 999 |
_c1094 _d1094 |
||